NFL RB's by the NUMBERS - Statistics

General Stats
  • This quiz has been taken 14 times
  • The average score is 10 of 22
Answer Stats
Number Team Player % Correct
26 Eagles Saquon Barkley
83%
20 Lions Barry Sanders
67%
24 Seahawks Marshawn Lynch
67%
22 Cowboys Emmitt Smith
58%
29 Rams Eric Dickerson
58%
40 Bears Gale Sayers
58%
36 Steelers Jerome Bettis
58%
32 Browns Jim Brown
58%
21 Chargers LaDainian Tomlinson
58%
39 Dolphins Larry Csonka
58%
30 Broncos Terrell Davis
58%
33 Cowboys Tony Dorsett
58%
34 Bears Walter Payton
58%
27 Titans Eddie George
50%
28 Rams Marshall Faulk
50%
44 Redskins John Riggins
42%
5 Packers Paul Hornung
42%
31 Packers Jim Taylor
25%
35 49ers John Henry Johnson
25%
4 Giants Alphonse Leemans
0%
3 Bears Bronko Nagurski
0%
15 Eagles Steve VanBuren
0%
No matching quizzes found
Score Distribution
Percent of People with Each Score
Percentile by Number Answered
Your Score History
You have not taken this quiz